| 000 | 00347nam a22001457a 4500 | ||
|---|---|---|---|
| 003 | OSt | ||
| 005 | 20160727222343.0 | ||
| 008 | 160620b xxu||||| |||| 00| 0 eng d | ||
| 040 | _cTest | ||
| 100 |
_9160 _aCreative |
||
| 245 |
_aAdam and Eve _bBible Story |
||
| 260 |
_aCanada _bCreative _c2003 |
||
| 300 | _aAdam and Eve: Bible Story | ||
| 942 |
_2ddc _cBK |
||
| 999 |
_c130 _d130 |
||